000 00364nam a2200145Ia 4500
008 230917s9999||||xx |||||||||||||| ||und||
040 _e198162
_aMAIN
041 _aEnglish
082 _a370 C443B
100 _aChhippi, Santosh
245 0 _aBadlate privesh mein Bharatiya nari ka shaikshik adhyayan
260 _aRohtak
_c2001
300 _a67 p.
942 _cTH
999 _c88575
_d88575